Diccionario folklorico argentino.

Bibliographic Details
Main Author: Coluccio, Félix
Format: Book
Language:Spanish
Published: Buenos Aires : El Ateneo, [1950]
Edition:2. ed.
Subjects:

MARC

Tag First Indicator Second Indicator Subfields
LEADER 00000cam a2200000 4500
001 in00000030472
005 20151007061614.0
008 750807s1950 ag ac b 00000 spa
010 |a  52015628  
035 |a (OCoLC)01522598 
035 |9 AAD2567AM 
040 |c FUG  |d TXA  |d UtOrBLW 
043 |a s-ag--- 
049 |a TXAM [Also in] [Sp Coll]  |c 1 [260674]  |a TXAS  |c 2 [1700096] 
050 0 0 |a GR133.A7  |b C58 1950 
100 1 |a Coluccio, Félix. 
245 1 0 |a Diccionario folklorico argentino. 
250 |a 2. ed.  |b aumentada y corr. Con voces afines, comparaciones americanas y un apendice sobre folkloristas e instituciones folkloricas del continente. Ilus. musicales del maestro Oscar Bareilles. Portada de Ismael Astarloa. 
264 1 |a Buenos Aires :  |b El Ateneo,  |c [1950] 
300 |a 503 pages :  |b illustrations, portraits ;  |c 23 cm. 
336 |a text  |b txt  |2 rdacontent 
337 |a unmediated  |b n  |2 rdamedia 
338 |a volume  |b nc  |2 rdacarrier 
504 |a Bibliography: pages 437-503. 
650 0 |a Folklore  |z Argentina. 
650 0 |a Folklore  |v Dictionaries. 
650 0 |a Spanish language  |v Dictionaries. 
999 |a MARS 
999 f f |s 7817fc4a-5c59-3650-9f4a-ce71606543f4  |i c8b6f7cb-b99b-3f34-83f9-46770735d279  |t 0 
952 f f |p ric  |a Texas A&M University  |b Rellis Campus  |c Joint Library Facility  |d Remote Storage  |t 0  |e GR133.A7 C58 1950  |h Library of Congress classification  |i unmediated -- volume  |m A14802442718 
952 f f |p noncirc  |a Texas A&M University  |b College Station  |c Cushing Memorial Library & Archives  |d Cushing: Dykes (Does not check out)  |t 0  |e GR133.A7 C58 1950  |h Library of Congress classification  |i unmediated -- volume  |m A14851744632 
998 f f |a GR133.A7 C58 1950  |t 0  |l Remote Storage 
998 f f |a GR133.A7 C58 1950  |t 0  |l Cushing: Dykes (Does not check out)